Speaking Against Number : (Record no. 612759)

MARC details
000 -LEADER
fixed length control field 00476nam a2200193 a 4500
008 - FIXED-LENGTH DATA ELEMENTS--GENERAL INFORMATION
fixed length control field 260216s2006##################000#0#eng##
020 ## - INTERNATIONAL STANDARD BOOK NUMBER
ISBN 9780748619818
082 04 - DEWEY DECIMAL CLASSIFICATION NUMBER
Classification number 320.01
Item number ELD
100 1# - MAIN ENTRY--AUTHOR NAME
Personal name Elden, Stuart,
245 10 - TITLE STATEMENT
Title Speaking Against Number :
260 ## - PUBLICATION, DISTRIBUTION, ETC. (IMPRINT)
Year of publication 2006.
300 ## - PHYSICAL DESCRIPTION
Number of Pages 192 pages
650 #0 - SUBJECT ADDED ENTRY--TOPICAL TERM
Topical Term Mathematics.
942 ## - ADDED ENTRY ELEMENTS (KOHA)
Koha item type English Books
Holdings
Withdrawn status Lost status Damaged status Not for loan Home library Current library Shelving location Date acquired Full call number Accession Number Price effective from Koha item type
        Anna Centenary Library Anna Centenary Library 3RD FLOOR, B WING 16.02.2026 320.01 ELD 372085 16.02.2026 English Books

Find us on the map